Haltestellen der Linie O (Wien) - Statistiken

Allgemein
  • Dieses Quiz wurde 55 mal gespielt
    51 seit der letzten Aktualisierung
  • Das Durchschnittsergebnis liegt bei 17 aus 24
Antwortstatistiken
Haltestelle % Korrekt
Praterstern
93%
Hauptbahnhof
88%
Wien Mitte-Landstraße
88%
Raxstraße/Rudolfshügelgasse
85%
Bruno-Marek-Allee
83%
Quartier Belvedere
80%
Quellenplatz
80%
Rennweg
80%
Fasangasse
75%
Laxenburger Straße/Troststraße
75%
Troststraße/Neilreichgasse
75%
Columbusplatz
73%
Nordbahnstraße
73%
Hintere Zollamtsstraße
70%
Marxergasse
70%
Radetzkyplatz
70%
Ungargasse/Neulinggasse
68%
Franzensbrücke
65%
Laxenburger Straße/Gudrunstraße
63%
Arthaberplatz
60%
Krakauer Straße
60%
Kölblgasse
58%
Mühlfeldgasse
50%
Sechskrügelgasse
50%
Keine übereinstimmenden Quizze gefunden
Verteilung der Resultate
Anzahl Personen mit jedem Resultat
Perzentil nach korrekt beantworteten Fragen
Ihre Resultats-Entwicklung
Sie haben dieses Quiz seit der letzten Aktualisierung nicht gespielt